Представление документа в формате RUSMARC

ПолеНазваниеЗначение
  Тип записи a
  Библиографический уровень m
001 Контрольный номер RU/ГПНТБ России/IBIS/84(2=411.2)6/Р 88-036448713
005 Дата корректировки 20260609152002.3
010 Индекс ISBN __
a ISBN 978-5-222-46419-9
b Уточнения в пер.
9 Тираж 10000
100 Данные общей обработки __
a Данные общей обработки 20260609d2026 cccy0rusy0250 ca
101 Язык документа 0_
a Язык текста rus
102 Страна публикации __
a Страна публикации RU
105 Кодированные данные (монография) __
a Кодированные данные (монография) a z 000ay
181 Поле кодированных данных: вид содержания _0
a Код вида содержания (ISBD) i
182 Поле кодированных данных: тип средства _0
a Код типа средства (ISBD) n
200 Заглавие и сведения об ответственности 1_
a Заглавие Только дождись меня
f Первые сведения об ответственности Евгения Русинова
g Последующие сведения об ответственности [иллюстратор Инга Валеулина]
203 Вид содержания и тип средства __
c Тип средства непосредственный
a Вид содержания Текст
205 Сведения об издании __
a Основные сведения об издании Издание 7-е
210 Выходные данные 1_
a Место издания Pостов-на-Дону
c Издательство Феникс
c Издательство Феникс-Премьер
d Дата издания 2026
215 Физическое описание __
a Объем 84, [2] с.
c Иллюстрации/тип воспроизводства рис.
d Формат 21 см
225 Серия 2_
a Серия Буду твоим другом
333 Примечание о целевом назначении __
a Примечание о целевом назначении информационная продукция для детей, не достигших возраста шести лет
333 Примечание о целевом назначении __
a Примечание о целевом назначении для детей младшего возраста, 5-10 лет
333 Примечание о целевом назначении __
a Примечание о целевом назначении для детей от 5 до 7 лет
333 Примечание о целевом назначении __
a Примечание о целевом назначении для детей от 8 до 10 лет
686 Индексы других классификаций __
2 Код системы rubbk
a Классификационный индекс 84(2=411.2)6
686 Индексы других классификаций __
2 Код системы rugasnti
a Классификационный индекс 17.82.93
700 Автор _1
a Фамилия Русинова
b Имя Е. А.
g Полное личное имя Евгения Александровна
f Даты 1985-
4 Код отношения 070
702 Вторичная интеллектуальная ответственность _1
a Фамилия Валеулина
b Имя И. В.
g Полное личное имя Инга Владимировна
4 Код отношения 440
801 Источник записи _0
b Организация ГПНТБ России
a Страна RU
c Дата составления 20260609
801 Источник записи _1
b Организация ГПНТБ России
a Страна RU
c Дата составления 20260609
852 Данные о местонахождении 5_
a Наименование организации ГПНТБ России
m Суффикс шифра хранения 1106098
b Сигла хранения ЦГБ
j Шифр хранения 84(2=411.2)6
p Инвентарный номер RU
899 Данные о местонахождении __
a Местонахождение ГПНТБ России
p Штрих-код 1106098
b Место хранения ЦГБ
h Классификационная часть РШ 84(2=411.2)6
i Авторский знак Р 88
901 Тип документа __
a Ответственный заим.